| 000 | 00857nam a22002297a 4500 | ||
|---|---|---|---|
| 999 |
_c15168 _d15168 |
||
| 003 | AR-CdUCM | ||
| 008 | 190426b ||||| |||| 00| 0 spa d | ||
| 040 |
_aMUNICIPALIDAD PROVINCIAL DEL CUSCO _cBIBLIOTECA MUNICIPAL DEL CUSCO |
||
| 082 |
_aC / 985.612 / _bM13 |
||
| 110 |
_aUniversidad Nacional San Antonio Abad del Cusco _927266 |
||
| 245 | _aMachupicchu guía didáctica / | ||
| 260 |
_aCusco ; _bH. G. Rozas, _c1963. |
||
| 300 |
_a75 páginas ; _c21 cm. |
||
| 440 |
_aCatedra de metodología de la enseñanza de la historia _934195 |
||
| 505 | _aAplicación practica del método de excursión -- estudio previo de Machupicchu -- Sector agricola -- Grupo militar... | ||
| 650 |
_aMachupicchu. _91751 |
||
| 650 |
_aCusco. _9772 |
||
| 650 |
_aMetodologia de investigación. _99307 |
||
| 650 |
_aHistoria. _9136 |
||
| 942 |
_2ddc _cLIBROS |
||
| 945 | _awfj | ||